TV Siblings Quiz Stats

 Plays Quiz Updated Feb 6, 2019

     
Support Sporcle.
Go Orange.
Score 0/40 Timer 10:00
1 Play Today
Siblings Program % Correct
Bart and LisaThe Simpsons
92.4%
Ross and MonicaFriends
91.2%
Niles and FrasierFrasier
83.2%
Roseanne and JackieRoseanne
82.2%
Malcolm and ReeseMalcolm in the Middle
78%
Greg and MarciaThe Brady Bunch
75.4%
Wally and The BeavLeave It to Beaver
72.4%
D.J. and StephanieFull House
72.1%
Dexter and DebraDexter
68.3%
Theo and RudyThe Cosby Show
63.5%
Ray and RobertEverybody Loves Raymond
63%
Phil and LilRugrats
62.6%
Hilda and ZeldaSabrina, The Teenage Witch
56.4%
Charlie and AlanTwo and a Half Men
56.3%
Earl and RandyMy Name Is Earl
55%
Kelly and BudMarried... with Children
51.9%
Brenda and BrandonBeverly Hills, 90210
46.2%
Lexie and MeredithGrey's Anatomy
40.7%
Piper and PhoebeCharmed
39.4%
Sookie and JasonTrue Blood
34.5%
Siblings Program % Correct
Lucas and NathanOne Tree Hill
31.6%
Mike and CarolGrowing Pains
30.8%
Kevin and WayneThe Wonder Years
30.2%
Eric and LaurieThat '70s Show
30.1%
Hilda and BettyUgly Betty
25.9%
Michael and BusterArrested Development
25.7%
Tony and JaniceThe Sopranos
25.4%
Laura and EddieFamily Matters
24.7%
Laura and MaryLittle House on the Prairie
23.8%
Sam and DeanSupernatural
22.8%
Dennis and DeeIt's Always Sunny in Philadelphia
19.7%
Nathan and PeterHeroes
19.1%
Brighton and MaggieThe Nanny
18.4%
Vincent and JohnnyEntourage
16.3%
Danny and TracyThe Partridge Family
13.5%
Nurse Joy and Nurse JoyPokémon
13.3%
Delia and EphramEverwood
12.5%
Nate and DavidSix Feet Under
12.3%
Roger and DeeWhat's Happening!!
9.9%
Tommy and MichaelBrotherhood
1.1%

From the Vault

Harry Potter: Find the 'British' Word

by Alcas

Those sneaky Brits keep putting extra u's in everything.
Remove Ads.
Support Sporcle.
Get the best of Sporcle when you Go Orange. This ad-free experience offers more features, more stats, and more fun while also helping to support Sporcle. Thank you for becoming a member.

Show Comments

Extras

Top Quizzes Today


Score Distribution

Your Account Isn't Verified!

In order to create a playlist on Sporcle, you need to verify the email address you used during registration. Go to your Sporcle Settings to finish the process.

Report this User

Report this user for behavior that violates our Community Guidelines.

Details: